Library of the University of Algiers 3
Ibrahim Sultan Cheibout
شعار جامعة الجزائر 3
مكتبة جامعة الجزائر 3
إبراهيم سلطان شيبوط

أساسيات الجغرافية البشرية / (رقم التسجيلة. 45565)

تفاصيل مارك
000 -LEADER
fixed length control field 00871nam a2200205Ia 4500
003 - CONTROL NUMBER IDENTIFIER
control field Ost
005 - DATE AND TIME OF LATEST TRANSACTION
control field 20260507075650.0
008 - FIXED-LENGTH DATA ELEMENTS--GENERAL INFORMATION
fixed length control field 260507s9999||||xx |||||||||||||| ||und||
020 ## - INTERNATIONAL STANDARD BOOK NUMBER
International Standard Book Number 1994009957
040 ## - CATALOGING SOURCE
Transcribing agency fsecg
041 ## - LANGUAGE CODE
Language code of text/sound track or separate title ara
100 ## - MAIN ENTRY--PERSONAL NAME
Personal name السعدي، عباس فاضل
Relator term مؤلف
245 #0 - TITLE STATEMENT
Title أساسيات الجغرافية البشرية /
Statement of responsibility, etc. عباس فاضل السعدي
260 ## - PUBLICATION, DISTRIBUTION, ETC.
Place of publication, distribution, etc. عمان:
Name of publisher, distributor, etc. مؤسسة الوراق للنشر والتوزيع,
Date of publication, distribution, etc. 2002
300 ## - PHYSICAL DESCRIPTION
Extent 474 صفحة؛
Other physical details غلاف ملون ومصور، خرائط وصور
Dimensions 24 سم
504 ## - BIBLIOGRAPHY, ETC. NOTE
Bibliography, etc. note المصادر ص453
520 ## - SUMMARY, ETC.
Summary, etc. الجغرافيا البشرية ومدارسها- الإنسان- الإنسان والبيئة الطبيعية- الإقتصاد البشري- الإستيطان البشري.
653 ## - INDEX TERM--UNCONTROLLED
Uncontrolled term الجغرافيا البشرية
942 ## - ADDED ENTRY ELEMENTS (KOHA)
Koha item type كتب

لا توجد مواد متاحة.

موارد الويب المفتوحة


© University of Algiers 3 All Rights Reserved
|
Implemented by LECHELAH Riad